• 首页
  • 本馆介绍
  • 公告通知
  • 最新文献
  • 馆藏检索
  • 电子资源
  • 读者导购
  • 参考咨询
  • 我的图书馆
  • 登录
  • 详细信息显示
  • 放入我的书架
  • 预约/预借图书
  • 作者相关作品
  • 分类相关作品
  • 丛书相关作品
  • 出版社相关作品

书目信息

  • 表格格式
  • 工作单格式
  • 卡片格式
题名:
杨树遗传图谱构建与数量性状基因定位
    
 
作者: 尹伟伦 , 胡建军 著
分册:  
出版信息: 北京   中国环境科学出版社  2005
页数: 145页
开本: 20cm
丛书名: 北京林业大学优秀博士论文基金资助丛书
单 册:
中图分类: S718.46
科图分类:
主题词: 杨树--植物遗传学--研究 , 植物遗传学 , 林业--基础科学 , 杨树
电子资源:
ISBN: 7-80209-129-2
000 01263oam2 2200325 450
001 010060008815
005 20061205094318.37
010    @a7-80209-129-2@dCNY20.00,CNY60.00(全3册)
100    @a20051105d2005 em y0chiy0110 ea
101 0  @achi
102    @aCN@b110000
105    @aak z 000yy
200 1  @a杨树遗传图谱构建与数量性状基因定位@9yang shu yi chuan tu pu gou jian yu shu liang xing zhuang ji yin ding wei@f尹伟伦,胡建军著
210    @a北京@c中国环境科学出版社@d2005
215    @a145页@c图@d20cm
225 2  @a北京林业大学优秀博士论文基金资助丛书
308    @a丛书第3辑
314    @a胡建军,内蒙古丰镇人,现为中国林业科学研究院林业研究所副研究员,主要研究方向为抗性生理和分子数量遗传学。
314    @a尹伟伦,男,天津人,1945年9月出生,主要研究方向为植物抗旱抗盐生理、林木生长发育调控等。
330    @a本书主要介绍了林木遗传图谱构建及数量性状基因定位技术与应用、杨树抗虫育种与抗虫生化基础等内容。
461  0 @12001 @a北京林业大学优秀博士论文基金资助丛书
606 0  @a杨树@x植物遗传学@x研究
606 0  @a植物遗传学
606 0  @a林业@x基础科学
606 0  @a杨树
690    @aS718.46@v4
701  0 @a尹伟伦@9yin wei lun@4著
701  0 @a胡建军@9hu jian jun@4著
801  0 @aCN@bRENTIAN@c20061205
905    @a10447@dS718.46@e23
    
    杨树遗传图谱构建与数量性状基因定位/尹伟伦,胡建军著.-北京:中国环境科学出版社,2005
    145页:图;20cm.-(北京林业大学优秀博士论文基金资助丛书)
    
    
    ISBN 7-80209-129-2:CNY20.00,CNY60.00(全3册)
    本书主要介绍了林木遗传图谱构建及数量性状基因定位技术与应用、杨树抗虫育种与抗虫生化基础等内容。
●
相关链接 在E读中查询图书 在五车中查询图书 在当当中查询图书 在豆瓣中查询图书


正题名:杨树遗传图谱构建与数量性状基因定位     索取号:S718.46/23         预约/预借

序号 登录号 条形码 馆藏地/架位号 状态 备注
1 0381979   203819797   第二样本阅览室/ [索取号:S718.46/23] 在馆    
2 0381980   203819804   第三借阅区/ [索取号:S718.46/23] 在馆    
3 0381981   203819813   第三借阅区/ [索取号:S718.46/23] 在馆    
4 0381982   203819822   第三借阅区/ [索取号:S718.46/23] 在馆    
5 0381983   203819831   第三借阅区/ [索取号:S718.46/23] 在馆    
6 0605383   206053839   第三借阅区/ [索取号:S718.46/23] 在馆    
7 0605384   206053848   第三借阅区/ [索取号:S718.46/23] 在馆    
8 0605385   206053857   第三借阅区/ [索取号:S718.46/23] 在馆    
唐山师范学院图书馆 欢迎您!
大连网信软件有限公司© 版权所有